Un quiz diabolique - Statistiques

Statistiques générales
  • Ce quiz a été pris 809 fois
  • Le résultat moyen est 11 sur 20
Statistiques - réponses
Indice Réponse % Correct
Comédie romantique avec Meryl Streep et Anne Hathaway Le Diable s'habille en {Prada}
94%
Monde de souffrance dans lequel il aurait élu domicile Enfer
93%
Marsupial endémique d'une île au sud de l'Australie au nom diabolique Diable de {Tasmanie}
87%
Il a consacré plusieurs poème au diable dans ses Fleurs du mal Charles Baudelaire
75%
Pays dont l'équipe masculine de football est surnommée "diables rouges" Belgique
72%
Chanson diabolique du Grand orchestre du Splendid La {Salsa} du démon
69%
Entier naturel souvent associé au diable 666
66%
Ange déchu, pendant chrétien de ce dernier Lucifer
66%
Saga littéraire dans laquelle des filets du diable protège la pierre philosophale Harry Potter
64%
Créature céleste incarnant le mal et la tentation Satan
62%
Manga culte dont l'intrigue est notamment centrée autour de fruits du démon One Piece
58%
Quand mimosa et épicés, ils sont parfois dits "à la diable" en cuisine française Œufs
57%
C'est là que se cacherait le diable selon une expression Le diable est dans les {détails}
50%
Autre expression synonyme de pactiser avec le Malin {Vendre} {son} {âme} au diable
50%
Groupe britannique ayant chanté Sympathy for the Devil The Rolling Stones
43%
Rappeur marseillais prenant ce titre à revers dans l'un de ses tubes Soprano
37%
Celle du Front national aurait été opérée par Marine Le Pen Dédiabolisation
30%
Personnage de Goethe ayant pactisé avec le diable Faust
27%
Ce qu'est un diable en boîte (ou diable à ressort) Un jouet
23%
Auteure du roman pour enfants Un bon petit diable Comtesse de Ségur
14%
Aucun quiz correspondant
Distribution des résultats
% des personnes avec chaque résultat
Percentile par nombre de réponses
Votre historique - résultats
Vous n’avez pas pris ce quiz